书目信息 |
| 书名: | Measured words = | |
| 作者: | Bernard Spolsky 著. | |
| 分册号: | ||
| 分册名: | 出版地: | [上海] : |
|
| 出版社: | 上海外语教育出版社 | |
| 出版时间: | 1999. | |
| 页数: | xii, 402 p. ; | |
| 开本: | 21 cm. | |
| 丛书名: | Oxford applied linguistics | |
| 中图分类号: | ||
| 科图分类号: | ||
| 其他分类号: | H09 | |
| 主题词: | ||
| 电子资源: | ||
| 000 | 01146nam 2200313 a 4500 | |
| 001 | E0732035171 | |
| 005 | 20070308085602.56 | |
| 008 | 020322r19991995cc b 001 0 eng d | |
| 020 | @a7810465716 :@cCNY26.00. | |
| 040 | @aNUL@bchi | |
| 050 | 4 | @aP53.4@b.S66 1995 |
| 082 | 4 | @a428.0076 @2 20 |
| 090 | @aH09 | |
| 099 | @dH09@ex28 | |
| 100 | 1 | @aSpolsky, Bernard. |
| 245 | 10 | @aMeasured words = :@b客观语言测试 / @cBernard Spolsky 著. |
| 246 | 31 | @a客观语言测试 |
| 246 | 11 | @aMeasured words :@bthe development of objective language testing |
| 260 | @a[上海] :@b上海外语教育出版社,@c1999. | |
| 300 | @axii, 402 p. ;@c21 cm. | |
| 440 | 0 | @aOxford applied linguistics |
| 440 | 0 | @a牛津应用语言学丛书 |
| 504 | @aIncludes bibliographical references (p. [361]-384) and indexes. | |
| 534 | @pReprint. Originally published:@cOxford : Oxford University Press, 1995,@z0194372014. | |
| 650 | 0 | @aLanguage and languages@xExaminations@xMethodology. |
| 650 | 0 | @aLanguage and languages@xExaminations@xHistory. |
| 650 | 0 | @aObjective tests. |
| 650 | 0 | @aEnglish language@xAbility testing. |
| 920 | @a232010@z2 | |
| Measured words = : : 客观语言测试 / / Bernard Spolsky 著.-[上海] : : 上海外语教育出版社, , 1999. |
| xii, 402 p. ; ; 21 cm.- (Oxford applied linguistics ).- (牛津应用语言学丛书 ) |
| Includes bibliographical references (p. [361]-384) and indexes. |
| ISBN 7810465716 :CNY26.00. |
| ● |
| 相关链接 |
|
|
|
|
正题名:Measured words =
索取号:H09/x28
 
预约/预借
| 序号 | 登录号 | 条形码 | 馆藏地/架位号 | 状态 | 备注 |
| 1 | 0000993 | 300009933 | 第二样本阅览室/ [索取号:H09/x28] | 在馆 | |
| 2 | 0000994 | 300009942 | 第四借阅区/ [索取号:H09/x28] | 在馆 | |
| 3 | 0000995 | 300009951 | 第四借阅区/ [索取号:H09/x28] | 在馆 | |
| 4 | 0000996 | 300009960 | 第四借阅区/ [索取号:H09/x28] | 在馆 | |
| 5 | 0000997 | 300009979 | 第四借阅区/ [索取号:H09/x28] | 在馆 |